ბათუმის შოთა რუსთაველის სახელმწიფო უნივერსიტეტის ბიბლიოთეკა

სამიწათმოქმედო ყოფის ისტორიიდან აჭარაში / (ბიბ.ჩანაწერი № 38136)

000 -ლიდერი
ფიქსირებული სიგრძის საკონტროლო ველი 00933nam a2200217Ia 4500
001 - საკონტროლო ნომერი
საკონტროლო ველი 4126
003 - საკონტროლო ნომრის იდენტიფიკატორი
საკონტროლო ველი GE_BSU
005 - ბოლო ოპერაციის თარიღი და დრო
საკონტროლო ველი 20191003120535.0
008 - ფიქსირებული სიგრძის მონაცემთა ელემენტები - ზოგადი ინფორმაცია
ფიქსირებული სიგრძის საკონტროლო ველი 181216s1971||||ge |||||||||||||| ||geo||
040 ## - კატალოგიზაციის წყარო
Transcribing agency GE_BSU
041 ## - ენის კოდი
Language code of text/sound track or separate title geo
080 ## - უნივერსალური ათობითი კლასიფიკაციის ინდექსი
Universal Decimal Classification number 39(479.223)+631.1(479.223) ჩ-73
100 ## - მთავარი ჩანაწერი - პიროვნების სახელი
Personal name ჩიჯავაძე, ნეჯად
9 (RLIN) 4135
245 ## - ცნობა სათაურის შესახებ
Title სამიწათმოქმედო ყოფის ისტორიიდან აჭარაში /
Statement of responsibility, etc ნეჯად ჩიჯავაძე; რედ. ალ. რობაქიძე.
264 ## - წარმოების, გამოცემის, დისტრიბუციის და სხვა ცნობები
გამოცემის, წარმოების, დისტრიბუციის... ადგილი თბ. :
გამოცემის, წარმოების, დისტრიბუციის... სახელწოდება მეცნიერება,
გამოცემის, წარმოების, დისტრიბუციის... თარიღი 1971.
300 ## - ფიზიკური აღწერა
Extent 150 გვ. ;
Other physical details 21 სმ.
653 ## - INDEX TERM--UNCONTROLLED
Uncontrolled term მიწათმოქმედება აჭარაში
653 ## - INDEX TERM--UNCONTROLLED
Uncontrolled term აჭარლების წეს-ჩვეულებები
700 ## - ADDED ENTRY--PERSONAL NAME
Personal name რობაქიძე, ალ.
Relator term რედაქტორი
9 (RLIN) 4136
942 ## - ADDED ENTRY ELEMENTS (KOHA)
Koha item type წიგნი
Source of classification or shelving scheme
ეგზემპლარები
ჩამოწერის სტატუსი დაკარგული ეგზემპლარის სტატუსი კლასიფიკაციის წყარო ან თაროზე გაწყობის სქემა დაზიანების სტატუსი არ გაიცემა მუდმივი მდებარეობა (დაცვის ადგილი) ამჟამინდელი ადგილსამყოფელი თაროზე განთავსების ადგილი შეძენის თარიღი ღირებულება, შესყიდვის ნორმალური ფასი სრული შენახვის შიფრი შტრიხკოდი ბოლო ოპერაციის თარიღი ეგზემპლარის მიმდევრობითი ნომერი (კეტერი?) ფასის ძალაში შესვლის თარიღი ეგზემპლარის სახეობა საჯარო შენიშვნა
          ბათუმის შოთა რუსთაველის სახელმწიფო უნივერსიტეტის მთავარი ბიბლიოთეკა ბათუმის შოთა რუსთაველის სახელმწიფო უნივერსიტეტის მთავარი ბიბლიოთეკა წიგნსაცავი 2018-12-17 2.00 39(479.223)+631.1(479.223) ჩ-73 5707 2018-12-17 5707 2018-12-17 წიგნი 2 ლ.
          ბათუმის შოთა რუსთაველის სახელმწიფო უნივერსიტეტის მთავარი ბიბლიოთეკა ბათუმის შოთა რუსთაველის სახელმწიფო უნივერსიტეტის მთავარი ბიბლიოთეკა წიგნსაცავი 2019-10-03   39(479.223)+631.1(479.223) ჩ-73 19590 2019-10-03 19590 2019-10-03 წიგნი  
          ბათუმის შოთა რუსთაველის სახელმწიფო უნივერსიტეტის მთავარი ბიბლიოთეკა ბათუმის შოთა რუსთაველის სახელმწიფო უნივერსიტეტის მთავარი ბიბლიოთეკა წიგნსაცავი 2019-10-03 2.00 39(479.223)+631.1(479.223) ჩ-73 5863 2019-10-03 5863 2019-10-03 წიგნი 2 ლ.